00349nam a2200109Ia 4500082001600000245001500016100004600031942000700077008004100084999001900125952009500144 aSWA KF BLOC 0aIshayile!  a Bloch,Carol Aucland park, 2008 952989 cBK210817s9999 xx 000 0 und d c178227d178226 00104070aKINRLbKINRLd2021-08-18g48.00l0p33228015326620r2021-08-18w2021-08-18yBK